书目信息 |
| 题名: |
心理学
|
|
| 作者: | 章志光 主编 | |
| 分册: | ||
| 出版信息: | 北京 人民教育出版社 1984.11 |
|
| 页数: | 451页 | |
| 开本: | 20cm | |
| 丛书名: | ||
| 单 册: | ||
| 中图分类: | B84 | |
| 科图分类: | ||
| 主题词: | 心理学 | |
| 电子资源: | ||
| ISBN: | ||
| 000 | 00501nam0 2200193 45 | |
| 001 | 0181024830 | |
| 005 | 20070719184031.23 | |
| 010 | @dCNY2.60 | |
| 091 | @a7012.0844 | |
| 100 | @a20810111d km y0chiy0120 ea | |
| 101 | 0 | @achi |
| 200 | 1 | @a心理学@Axin li xue@f章志光主编@FZhang Zhi Guang Zhu Bian |
| 210 | @a北京@c人民教育出版社@d1984.11 | |
| 215 | @a451页@d20cm | |
| 606 | 0 | @a心理学 |
| 690 | @aB84@v4 | |
| 701 | 0 | @a章志光@Azhang zhi guang@4主编 |
| 801 | @aCN@bTSTC@c20070719 | |
| 905 | @dB84@e104 | |
| 心理学/章志光主编.-北京:人民教育出版社,1984.11 |
| 451页;20cm |
| ISBN :CNY2.60 |
| ● |
| 相关链接 |
|
|
|
|
正题名:心理学
索取号:B84/104
 
预约/预借
| 序号 | 登录号 | 条形码 | 馆藏地/架位号 | 状态 | 备注 |
| 1 | 0133817 | 000524392 | 密集书库/ [索取号:B84/104] | 在馆 | |
| 2 | 0202609 | 000422368 | 密集书库/ [索取号:B84/104] | 在馆 | |
| 3 | 0202610 | 002018195 | 密集书库/ [索取号:B84/104] | 在馆 | |
| 4 | 0202611 | 000524356 | 第一样本阅览室/ [索取号:B84/104] | 在馆 | |
| 5 | 0420079 | 204200792 | 密集书库/ [索取号:B84/104] | 在馆 | |
| 6 | 0421339 | 204213396 | 密集书库/ [索取号:B84/104] | 在馆 | |
| 7 | 0425485 | 204254859 | 密集书库/ [索取号:B84/104] | 在馆 | |
| 8 | 0517403 | 205174032 | 密集书库/ [索取号:B84/104] | 在馆 | |
| 9 | 0767747 | 207677478 | 密集书库/ [索取号:B84/104] | 在馆 |